000 00292nam a2200121Ia 4500
008 191201s2015 xx 000 0 und d
100 _aBERSON,Alex
245 0 _aDatawarehousing, Datamining,&OLAP
260 _aN. delhi
_bTMH
_c2015
300 _a612
650 _aM.Tech(CSE)
942 _2ddc
_cBK
999 _c6474
_d6474